| 000 | 00825nam1a22002651i 4500 | ||
|---|---|---|---|
| 001 | v19\rc\1794191 | ||
| 005 | 20240726011628.0 | ||
| 035 | _a(NLR Aleph) 004885116 | ||
| 090 |
_a5211331 _c5211331 |
||
| 100 | _a20061204d1905 |||y0rusy50 ca | ||
| 101 | 0 | _arus | |
| 102 | _aRU | ||
| 105 | _a z ||||| | ||
| 200 | 1 |
_aПоволжье _eСборник _fПод ред. А.Я. Лопуховского. [№ 1] |
|
| 210 |
_aСаратов _cскоропеч. Губ. правл. _d1905 |
||
| 215 | _d21 | ||
| 702 | 1 |
_aЛопуховский _bА.Я. _f1878- _gАлександр Яковлевич _4340 |
|
| 801 | 0 |
_aRU _bNLR _gpsbo |
|
| 801 | 0 |
_aRU _bRuMoRGB _2psbo |
|
| 801 | 1 |
_aRU _bProSoft-M _2rusmarc |
|
| 852 |
_aNLR _j38.6.9.49 |
||
| 899 |
_aRuMoRGB _jU 238/557 |
||
| 899 |
_aRuMoRGB _jA 243/447 |
||
| 899 | _aБАН | ||
| 942 | _cBOOK | ||